| 000 | 00410nam a22001457a 4500 | ||
|---|---|---|---|
| 003 | SGT | ||
| 082 |
_a616.07 _bT21A |
||
| 100 | _aANU | ||
| 245 | _aTO COMPARE THE EFFICACY OF RAPID ECONOMIC ACETIC ACID PAPANICOLAOU STAIN (REAP) WITH CONVENTIONAL PAPANICOLAOU STAIN IN CERVICAL CYTOLOGY | ||
| 260 |
_aGURUGRAM _bSGT UNIVERSITY _c2021 |
||
| 300 | _a79 | ||
| 650 | _aPATHOLOGY | ||
| 653 | _aM.D | ||
| 942 |
_2ddc _cTH |
||
| 999 |
_c26562 _d26562 |
||